000 00482nam a2200181Ia 4500
001 7402
005 20260306160452.0
008 260306t2014||||xx |||||||||||||| ||spa||
041 _aESP
082 _a338.91
_bD82
100 _aPerú. Ministerio de la Producción
_eAUT
245 0 _aDiseño de propuestas de políticas públicas de desarrollo productivo basadas en evidencia
260 _c2014
300 _a
_c
650 _aGEN
654 _aCAN
942 _cLIB
_dJUS
_fJUS
_2ddc
_n
999 _c7402
_d7402